| 000 | 00516nam a22001937a 4500 | ||
|---|---|---|---|
| 001 | 2537 | ||
| 003 | BD-DhBUF | ||
| 005 | 20250830110110.0 | ||
| 008 | 250830b bg ||||| |||| 00| 0 ben d | ||
| 020 | _a8178085984 | ||
| 040 |
_aBD-DhBUF _cBD-DhBUF |
||
| 082 | _a658.15 | ||
| 100 | _aMerchant, Kenneth A. | ||
| 245 |
_aModern management control systems / _cKenneth A. Merchant |
||
| 260 |
_aDelhi : _bPearson Education Asia, _cC 1998. |
||
| 300 |
_axiii, 862p. : _c24cm. ; |
||
| 650 | _aManagement | ||
| 942 |
_2ddc _cBK |
||
| 999 |
_c2537 _d2537 |
||